Atención primaria en pediatría / (Registro nro. 7543)

000 -CABECERA
campo de control de longitud fija 00802nam a2200265 u 4500
001 - NÚMERO DE CONTROL
campo de control 000061161
005 - FECHA Y HORA DE LA ÚLTIMA TRANSACCIÓN
campo de control 20200120223922.0
008 - DATOS DE LONGITUD FIJA--INFORMACIÓN GENERAL
campo de control de longitud fija 140701s2003 sp a g|| 000 0 spa d
020 ## - NÚMERO INTERNACIONAL ESTÁNDAR DEL LIBRO
Número Internacional Estándar del Libro 8449425158 (Obra completa)
020 ## - NÚMERO INTERNACIONAL ESTÁNDAR DEL LIBRO
Número Internacional Estándar del Libro 8449425166 (V.1)
040 ## - FUENTE DE LA CATALOGACIÓN
Centro catalogador/agencia de origen BOAP
041 ## - CÓDIGO DE LENGUA
Código de lengua del texto/banda sonora o título independiente Aspa
043 ## - CÓDIGO DE ÁREA GEOGRÁFICA
Código de área geográfica sp
082 04 - NÚMERO DE LA CLASIFICACIÓN DECIMAL DEWEY
Número de clasificación 618.92
Número de documento/Ítem A72
Número de edición 21
245 00 - MENCIÓN DE TÍTULO
Título Atención primaria en pediatría /
Mención de responsabilidad, etc. Alice D., Ackerman... [et al.].
260 ## - PUBLICACIÓN, DISTRIBUCIÓN, ETC.
Lugar de publicación, distribución, etc. Barcelona :
Nombre del editor, distribuidor, etc. Océano,
Fecha de publicación, distribución, etc. 2003
Lugar de publicación, distribución, etc. 4a. ed.
300 ## - DESCRIPCIÓN FÍSICA
Extensión 4 v :
Otras características físicas il.,byn ;
Dimensiones 28 cm.
500 ## - NOTA GENERAL
Nota general Incluye índice
504 ## - NOTA DE BIBLIOGRAFÍA, ETC.
Nota de bibliografía, etc. Incluye bibliografía
650 17 - PUNTO DE ACCESO ADICIONAL DE MATERIA--TÉRMINO DE MATERIA
Término de materia o nombre geográfico como elemento de entrada Pediatría
Fuente del encabezamiento o término LEMB
650 27 - PUNTO DE ACCESO ADICIONAL DE MATERIA--TÉRMINO DE MATERIA
Término de materia o nombre geográfico como elemento de entrada Enfermedades infantiles
Fuente del encabezamiento o término LEMB
650 27 - PUNTO DE ACCESO ADICIONAL DE MATERIA--TÉRMINO DE MATERIA
Término de materia o nombre geográfico como elemento de entrada Niños
Subdivisión general Atención médica
Fuente del encabezamiento o término LEMB
650 27 - PUNTO DE ACCESO ADICIONAL DE MATERIA--TÉRMINO DE MATERIA
Término de materia o nombre geográfico como elemento de entrada Urgencias pediátricas.
Fuente del encabezamiento o término LEMB
650 27 - PUNTO DE ACCESO ADICIONAL DE MATERIA--TÉRMINO DE MATERIA
Término de materia o nombre geográfico como elemento de entrada Asistencia primaria pediátrica.
Fuente del encabezamiento o término LEMB
Existencias
Estado de retiro Estado de pérdida Fuente del sistema de clasificación o colocación Estado dañado No para préstamo Código de colección Localización permanente Ubicación/localización actual Fecha de adquisición Número de inventario Total de préstamos Signatura topográfica completa Código de barras Fecha visto por última vez Fecha del último préstamo Número de copia Precio válido a partir de Tipo de ítem Koha Nota pública
          Colección General Biblioteca Pública San Juan Bosco Biblioteca Pública San Juan Bosco 20/01/2020 105878 1 618.92 A72 MOS002660 25/01/2022 21/10/2021 v.1 ej.1 20/01/2020 Libro Ocho días
          Colección General Biblioteca Pública San Juan Bosco Biblioteca Pública San Juan Bosco 20/01/2020 105879   618.92 A72 MOS002661 20/01/2020   v.2 ej.1 20/01/2020 Libro Ocho días
          Colección General Biblioteca Pública San Juan Bosco Biblioteca Pública San Juan Bosco 20/01/2020 105880   618.92 A72 MOS002662 20/01/2020   v.3 ej.1 20/01/2020 Libro Ocho días
          Colección General Biblioteca Pública San Juan Bosco Biblioteca Pública San Juan Bosco 20/01/2020 114367   618.92 A72 MOS002663 20/01/2020   v.4 ej.1 20/01/2020 Libro Ocho días

© Todos los derechos reservados para la Biblioteca Pública Municipal San Juan Bosco, 2020
Secretaria de Cultura de Mosquera
Carrera 3 N° 10 Esquina Centro Cultural Barrio El Carmén Teléfono: 8270830 Ext: 34
Funcionando con KOHA
Contacto: Biblioteca Pública Municipal San Juan Bosco/ bibliotecasanjuanbosco@mosquera-cundinamarca.gov.co
Mosquera, Cundinamarca